Ecumenical Councils - Statistics

General Stats
  • This quiz has been taken 113 times
    111 since last reset
  • The average score is 15 of 22
Answer Stats
Year(s) Council Name % Correct
1869-1870 First Council of the Vatican
100%
1962-1965 Second Council of the Vatican
100%
325 First Council of Nicaea
99%
787 Second Council of Nicaea
99%
1545-1563 Council of Trent
85%
431 Council of Ephesus
75%
381 First Council of Constantinople
74%
869-870 Fourth Council of Constantinople
74%
553 Second Council of Constantinople
74%
680-681 Third Council of Constantinople
74%
451 Council of Chalcedon
71%
1512-1517 Fifth Council of the Lateran
63%
1123 First Council of the Lateran
63%
1215 Fourth Council of the Lateran
63%
1139 Second Council of the Lateran
63%
1179 Third Council of the Lateran
63%
1431-1445 Council of Basel, Ferrara, and Florence
46%
1245 First Council of Lyon
41%
1274 Second Council of Lyon
41%
1414-1418 Council of Constance
40%
1311-1312 Council of Vienne
29%
c. 50 Council of Jerusalem
26%
No matching quizzes found
Score Distribution
Percent of People with Each Score
Percentile by Number Answered
Your Score History
You have not taken this quiz since the last reset